000 00668nam a22002177a 4500
003 UA-OsUOA
001 116157
007 ta
008 20160210b un ||||| |||| 00| 0 ukr d
100 _aРарицький О.
090 _a82
_bР23
942 _cSA
040 _aUA-OsUOA
_bukr
_cUA-OsUOA
_dUA-OsUOA
245 _aУсна оповідь: жанр у системі художньо-документального метажанру
300 _aС.8-14
955 _a0
041 _aukr
080 _a82
773 0 _w116156
_tМандрівець
_dТернопіль
_d2015
_g4
650 7 _a82 Література. Літературознавство
_2UDC
999 _c401970
_d401970